[Event "San Sebastian Primavera de Gros op 8th"]
[Site "San Sebastian"]
[Date "2012.05.19"]
[Round "5"]
[White "Santos Zunzunegi, Iban"]
[Black "Navascues Zabaleta, Jesus"]
[Result "0-1"]
[WhiteElo "1937"]
[BlackElo "1755"]
[PlyCount "88"]
[EventDate "2012.04.21"]
[EventType "swiss"]
[EventRounds "7"]
[EventCountry "ESP"]
[SourceTitle "EXT 2014"]
[Source "ChessBase"]
[SourceDate "2013.11.20"]
[SourceVersion "1"]
[SourceVersionDate "2013.11.20"]
[SourceQuality "1"]

1. e4 c5 2. Nc3 Nc6 3. g3 d6 4. Bg2 Nf6 5. d3 e6 6. f4 Be7 7. Nf3 0-0 8. 0-0 Rb8 9. h3 b5 10. Qe1 Qb6 11. g4 b4 12. Nd1 d5 13. e5 Nd7 14. f5 Re8 15. Bf4 c4+ 16. Kh1 cxd3 17. cxd3 Ba6 18. Qd2 Nd4 19. f6 Bf8 20. fxg7 Bxg7 21. Bh6 Nxf3 22. Rxf3 Nxe5 23. Qg5 Ng6 24. Bxg7 Kxg7 25. Qf6+ Kg8 26. Qxf7+ Kh8 27. Re3 Re7 28. Qf6+ Kg8 29. h4 Rf8 30. Qg5 Qd6 31. h5 Qf4 32. Qxf4 Nxf4 33. d4 Nxg2 34. Kxg2 Rf4 35. Rc1 Rxg4+ 36. Kh3 Rxd4 37. Rc6 Bb7 38. Rc1 Rc4 39. Rxc4 dxc4 40. Nf2 Rf7 41. Ng4 Rf3+ 42. Rxf3 Bxf3 43. Ne5 Bd5 44. h6 c3 0-1

[Event "San Sebastian Primavera de Gros 7th op"]
[Site "San Sebastian"]
[Date "2011.06.11"]
[Round "6.9"]
[White "Santos Zunzunegi, Iban"]
[Black "Fuente San Sebastian, Ernesto"]
[Result "1-0"]
[WhiteElo "1913"]
[BlackElo "1900"]
[PlyCount "97"]
[EventDate "2011.05.07"]
[EventType "swiss"]
[EventRounds "7"]
[EventCountry "ESP"]
[SourceTitle "EXT 2024"]
[Source "ChessBase"]
[SourceDate "2023.10.10"]
[SourceVersion "1"]
[SourceVersionDate "2023.10.10"]
[SourceQuality "1"]

1. e4 e5 2. Nf3 Nc6 3. Bc4 Nf6 4. Ng5 d5 5. exd5 Na5 6. Bb5+ Bd7 7. Be2 Nxd5 8. d4 Nf4 9. Bxf4 exf4 10. Nf3 Qf6 11. Nc3 0-0-0 12. 0-0 Bf5 13. Bd3 Nc6 14. Bxf5+ Qxf5 15. Ne2 g5 16. c3 Be7 17. Qb1 Qb5 18. Re1 Rde8 19. a4 Qd5 20. a5 g4 21. Nxf4 Qd7 22. Ne5 Nxe5 23. Rxe5 Bd6 24. Rxe8+ Rxe8 25. Nh5 Qe7 26. Ng7 Bxh2+ 27. Kxh2 Qh4+ 28. Kg1 Re2 29. Qf5+ Kb8 30. Qxf7 a6 31. g3 Qh6 32. b4 Qd2 33. b5 axb5 34. Qf8+ Ka7 35. Qc5+ Kb8 36. d5 Re1+ 37. Rxe1 Qxe1+ 38. Kh2 Qe5 39. Ne6 Qh5+ 40. Kg1 Qe5 41. Qd4 Qd6 42. Qf4 Qxd5 43. Qxc7+ Ka7 44. Qc5+ Qxc5 45. Nxc5 b6 46. axb6+ Kxb6 47. Ne4 Kc6 48. Kf1 Kd5 49. Nd2 1-0